000 00519nam a2200157 4500
001 122594
003 ES-MaACL
007 t|
008 070214s1985 sp r ||||1| spa d
020 _a84-7002-374-8
100 1 _aPugnaire Hernández, José Manuel.
_994218
245 1 0 _aComentarios a la ley de reforma urgente del procedimiento civil
_b: ( 6 de agosto 1984) /
_cJosé Manuel Pugnaire Hernández.
260 _aBarcelona :
_bAcervo,
_c1985.
300 _a249 p. ;
_c22 cm.
852 _aES-MaACL
_jL-8176
_bR.108624
999 _c122594
_d122594